|
|
|
|
| LEADER |
01731nam a2200385 a 4500 |
| 001 |
EBC3301029 |
| 003 |
MiAaPQ |
| 005 |
20200520144314.0 |
| 006 |
m o d | |
| 007 |
cr cn||||||||| |
| 008 |
110414s2012 maua sb 001 0 eng d |
| 010 |
|
|
|z 2011014354
|
| 020 |
|
|
|z 9780674057593 (alk. paper)
|
| 020 |
|
|
|a 9780674062887 (electronic bk.)
|
| 035 |
|
|
|a (MiAaPQ)EBC3301029
|
| 035 |
|
|
|a (Au-PeEL)EBL3301029
|
| 035 |
|
|
|a (CaPaEBR)ebr10522594
|
| 035 |
|
|
|a (OCoLC)770009462
|
| 040 |
|
|
|a MiAaPQ
|c MiAaPQ
|d MiAaPQ
|
| 043 |
|
|
|a e-uk---
|
| 050 |
|
4 |
|a HC260.C3
|b G85 2012
|
| 082 |
0 |
4 |
|a 388.10941
|2 22
|
| 100 |
1 |
|
|a Guldi, Jo
|q (Joanna),
|d 1978-
|
| 245 |
1 |
0 |
|a Roads to power
|h [electronic resource] :
|b Britain invents the infrastructure state /
|c Jo Guldi.
|
| 260 |
|
|
|a Cambridge, Mass. :
|b Harvard University Press,
|c 2012.
|
| 300 |
|
|
|a 297 p. :
|b ill.
|
| 504 |
|
|
|a Includes bibliographical references and index.
|
| 505 |
0 |
|
|a Military craft and parliamentary expertise : the institutional evolution of road-making -- Colonizing at home : the political lobby for centralizing highways -- Paying to walk : the national movement against centralized roads -- Wayfaring strangers : mobile communities and the death of contact.
|
| 533 |
|
|
|a Electronic reproduction. Ann Arbor, MI : ProQuest, 2015. Available via World Wide Web. Access may be limited to ProQuest affiliated libraries.
|
| 650 |
|
0 |
|a Infrastructure (Economics)
|z Great Britain.
|
| 650 |
|
0 |
|a Roads
|x Government policy
|z Great Britain.
|
| 650 |
|
0 |
|a Transportation and state
|z Great Britain.
|
| 655 |
|
4 |
|a Electronic books.
|
| 710 |
2 |
|
|a ProQuest (Firm)
|
| 856 |
4 |
0 |
|u https://ebookcentral.proquest.com/lib/matrademy/detail.action?docID=3301029
|z Click to View
|